000 00553nam a2200157 a 4500
008 120416s1986 ||||||||||||||||| || u
020 _a0131966847
050 _aQA 76.73.P2 Ten
100 _aTenenbaum, Aaron M
245 1 0 _aData structures using Pascal
250 _a2nd ed.
260 _aEnglewood Cliffs, N.J.
_bFT Prentice-Hall
_c1986
300 _ax, 774p. : ill
350 _a0.00
995 _D0.00
_FCBU-MAIN LIBRARY (Kitwe)
_H1
_I28.00
_M1
_UAVAILABLE
_ZMain Library Open Access Collection
999 _c39419
_d39419